| 000 | 00631nam a2200241Ia 4500 | ||
|---|---|---|---|
| 005 | 20250425162224.0 | ||
| 008 | 250425s9999 xx 000 0 und d | ||
| 020 | _a9280716255 | ||
| 041 | _aeng | ||
| 043 | _asp | ||
| 082 | _a338.4791 | ||
| 110 | _aWORLD TOURISM ORGANIZATION | ||
| 245 | 0 | _aAWARDS FOR IMPROVING THE COASTAL ENVIRONMENT: THE EXAMPLE OF THE BLUE FLAG | |
| 250 | _a1ST ED. | ||
| 260 |
_aEspaƱa _bWORLD TOURISM ORGANIZATION _c1996 |
||
| 260 | _aMADRID | ||
| 300 | _a50 | ||
| 650 | _aMEDIO AMBIENTE-MEJORAMIENTO | ||
| 650 | _aRECURSOS COSTEROS | ||
| 650 | _aTURISMO | ||
| 942 | _c01 | ||
| 010 | _a57777 | ||
| 999 |
_c224808 _d224808 |
||